<?xml version="1.0" encoding="UTF-8"?>
<record
    xmlns:xsi="http://www.w3.org/2001/XMLSchema-instance"
    xsi:schemaLocation="http://www.loc.gov/MARC21/slim http://www.loc.gov/standards/marcxml/schema/MARC21slim.xsd"
    xmlns="http://www.loc.gov/MARC21/slim">

  <leader>01652nmm a22004215u 4500</leader>
  <datafield tag="999" ind1=" " ind2=" ">
    <subfield code="c">21639</subfield>
    <subfield code="d">21639</subfield>
  </datafield>
  <controlfield tag="005">20201008070235.0</controlfield>
  <controlfield tag="008">100301s2008    gw         j        eng d</controlfield>
  <datafield tag="020" ind1=" " ind2=" ">
    <subfield code="a">9783540873532</subfield>
  </datafield>
  <datafield tag="050" ind1="0" ind2="4">
    <subfield code="a">QA76.9.D5</subfield>
    <subfield code="b">T83 2008</subfield>
  </datafield>
  <datafield tag="100" ind1="1" ind2=" ">
    <subfield code="a">Turck, Filip.</subfield>
  </datafield>
  <datafield tag="245" ind1="1" ind2="0">
    <subfield code="a">Managing Large-Scale Service Deployment</subfield>
    <subfield code="h">[electronic resource] :</subfield>
    <subfield code="b">19th IFIP/IEEE International Workshop on Distributed Systems: Operations and Management, DSOM 2008, Samos Island, Greece, September 22-26, 2008. Proceedings /</subfield>
    <subfield code="c">edited by Filip Turck, Wolfgang Kellerer, George Kormentzas.</subfield>
  </datafield>
  <datafield tag="250" ind1=" " ind2=" ">
    <subfield code="a">1a ed.</subfield>
  </datafield>
  <datafield tag="260" ind1=" " ind2=" ">
    <subfield code="a">Berlin, Heidelberg :</subfield>
    <subfield code="b">Springer-Verlag Berlin Heidelberg,</subfield>
    <subfield code="c">2008.</subfield>
  </datafield>
  <datafield tag="300" ind1=" " ind2=" ">
    <subfield code="b">v.: digital</subfield>
  </datafield>
  <datafield tag="490" ind1=" " ind2="0">
    <subfield code="a">Lecture Notes in Computer Science,</subfield>
    <subfield code="v">5273</subfield>
    <subfield code="x">0302-9743 ;</subfield>
  </datafield>
  <datafield tag="650" ind1=" " ind2="0">
    <subfield code="a">Procesamiento electr&#xF3;nico de datos</subfield>
    <subfield code="v">Congresos</subfield>
    <subfield code="x">Procesamiento distribuido </subfield>
  </datafield>
  <datafield tag="650" ind1=" " ind2="0">
    <subfield code="a">Comercio electr&#xF3;nico</subfield>
    <subfield code="v">Congresos.</subfield>
    <subfield code="x">Gesti&#xF3;n</subfield>
    <subfield code="x">Programas inform&#xE1;ticos</subfield>
  </datafield>
  <datafield tag="650" ind1=" " ind2="0">
    <subfield code="a">Redes inform&#xE1;ticas </subfield>
    <subfield code="x">Gesti&#xF3;n  </subfield>
    <subfield code="x">Congresos</subfield>
  </datafield>
  <datafield tag="700" ind1="1" ind2=" ">
    <subfield code="a">Kellerer, Wolfgang.</subfield>
  </datafield>
  <datafield tag="700" ind1="1" ind2=" ">
    <subfield code="a">Kormentzas, George.</subfield>
  </datafield>
  <datafield tag="710" ind1="2" ind2=" ">
    <subfield code="a">SpringerLink (Online service)</subfield>
  </datafield>
  <datafield tag="773" ind1="0" ind2=" ">
    <subfield code="t">Springer eBooks</subfield>
  </datafield>
  <datafield tag="856" ind1="4" ind2="0">
    <subfield code="u">http://dx.doi.org/10.1007/978-3-540-87353-2</subfield>
  </datafield>
  <datafield tag="942" ind1=" " ind2=" ">
    <subfield code="2">lcc</subfield>
    <subfield code="c">LIE</subfield>
  </datafield>
  <datafield tag="952" ind1=" " ind2=" ">
    <subfield code="1">0</subfield>
    <subfield code="2">lcc</subfield>
    <subfield code="4">0</subfield>
    <subfield code="7">0</subfield>
    <subfield code="a">DIGITAL</subfield>
    <subfield code="b">DIGITAL</subfield>
    <subfield code="c">COLDIG</subfield>
    <subfield code="d">2020-10-08</subfield>
    <subfield code="k">CNE</subfield>
    <subfield code="o">QA76.9.D5 T83 2008</subfield>
    <subfield code="p">BDIG00008342</subfield>
    <subfield code="r">2020-10-08 00:00:00</subfield>
    <subfield code="t">1</subfield>
    <subfield code="u">http://dx.doi.org/10.1007/978-3-540-87353-2</subfield>
    <subfield code="v">1.00</subfield>
    <subfield code="y">LIE</subfield>
    <subfield code="z">SpringerLink</subfield>
  </datafield>
</record>
